000 00961nam a2200253Ia 4500
003 OSt
005 20220923222710.0
006 a|||||r|||| 00| 0
007 ta
008 220922b |||||||| |||| 00| 0 hin d
024 _a207,165
037 _cTextual
040 _aARTS
_cARTS
_bhin
041 _2hin
_ahin
082 _aO152,6N252x, N2
100 _aमिश्र, विधानिवास
245 0 _aदेश, धर्म और साहित्य विचार प्रधान निबंधो का संग्रह
246 _aDesha, dharma aur sāhitya vichār pradhān nibandho kā sangraha
260 _aनई दिल्ली
_b राधाकृष्ण प्रका0
_c1992
300 _a107पृ.
_ccm.
650 _aहिन्दी साहित्य
_9156264
942 _hO152,6N252x, N2
_cTEXL
_2CC
999 _c357784
_d357784